[Lehnerová, Alžbeta]

Zobrazenie: Podobizeň Alžbety Lehnerovej, rodenej Sperlovej (1800 - 5.6.1877 Bratislava), starej matky Idy Hurbanovej, rodenej Dobrovitsovej, manželky Svetozára Hurbana Vajanského.

Podrobná bibliografia
Ďalší autori: Kozič, Eduard Nepomuk, 1829-1874 (Fotograf)
Médium: Fotografia
Jazyk:nemčina
PhysicalDescription:1 fotografia v hnedom tóne 11 x 7 cm
Vydavateľské údaje: [S.l. s.n. s.a.]
Predmet:

MARC

LEADER 00000nkmaa2200000 a 4500
001 vtls011911868
003 SK-MaSNL
005 20260331211312.0
007 kh ao
008 230802n xo | |||0 k|ger
035 |a C2E6D507-860F-4264-B34F-D0BD0CFB0AC8 
035 |a urn:nbn:sk:snk-km43i40 
035 |a urn:nbn:sk:snk-km00e83c 
040 |a SNKLA  |b slo  |c SNKLA  |e AACR2 
041 0 |a ger 
044 |a xo  |c SK 
100 1 |a Kozič, Eduard Nepomuk,  |d 1829-1874  |4 pht  |9 160409 
245 1 0 |a [Lehnerová, Alžbeta]  |h grafika 
260 |a [S.l.  |b s.n.  |c s.a.] 
300 |a 1 fotografia  |b v hnedom tóne  |c 11 x 7 cm 
520 2 |a Zobrazenie: Podobizeň Alžbety Lehnerovej, rodenej Sperlovej (1800 - 5.6.1877 Bratislava), starej matky Idy Hurbanovej, rodenej Dobrovitsovej, manželky Svetozára Hurbana Vajanského. 
600 1 7 |a Lehnerová, Alžbeta,  |d 1800-1877  |2 SNKMA  |9 438041 
655 7 |a portrétne fotografie  |2 SNKPH  |9 305796 
852 7 |a Slovenská národná knižnica  |b Literárny archív 
958 |a ZO 
958 |a BLA 
999 |c 692001  |d 693931 
952 |a SNKLA  |b SNKLA  |c SNKLA_DEP  |y NEVYP  |7 0  |p 17A1310657  |o snkSL 3/2  |i snkLA 6787/1972  |0 0  |1 0  |4 0  |d 2020-01-20  |f 1  |l 0  |r 2026-02-23 20:30:35  |w 2026-02-23